| 000 | 00920nam a2200241 a 4500 | ||
|---|---|---|---|
| 005 | 20240806063845.0 | ||
| 008 | 991125s1985 mx 000 0 spa u | ||
| 020 | _a968161965X | ||
| 035 | _aUPN01000026828 | ||
| 040 |
_aMX-MxUPN _bspa _cMX-MxUPN |
||
| 050 | 4 |
_aPQ7104 _bL5 no.97 |
|
| 100 | 1 |
_aAub, Max, _d1903-1972 _927973 |
|
| 245 | 1 | 0 |
_aGuía de narradores de la revolución mexicana / _cMax Aub. |
| 250 | _aPrimera edición | ||
| 260 |
_aMéxico : _bFondo de Cultura Económica : _bSecretaría de Educación Pública, Subsecretaría de Cultura, _c1985. |
||
| 300 |
_a64 páginas : _b71 ilustraciones, fotografías en blanco y negro, retratos |
||
| 490 |
_aLecturas mexicanas ; _v97 |
||
| 650 | 4 |
_aLiteratura mexicana _94466 |
|
| 650 | 2 |
_aHistoriadores mexicanos _923713 _ySiglo XX _xAntología |
|
| 651 | 4 |
_aMéxico _xHistoria _yRevolución, 1910-1917 _vFotografías _9223 |
|
| 905 | _aLibro | ||
| 942 |
_2lcc _cLIBRO |
||
| 999 |
_c26828 _d26828 |
||